| 000 | 00000nam 2200000zi 4500 |
| 001 | 9.932464 |
| 003 | CaOODSP |
| 005 | 20240131120533 |
| 006 | m o d f |
| 007 | cr cn||||||||| |
| 008 | 240115t20242024quca ob f000 0 fre d |
| 020 | |a9780660696317 |
| 040 | |aCaOODSP|bfre|erda|cCaOODSP |
| 043 | |an-cn-ab |
| 086 | 1 |aTU3-10/23-0103F-PDF |
| 110 | 2 |aBureau de la sécurité des transports du Canada.|eauteur, |eorganisme de publication. |
| 245 | 10|aPerte de maîtrise et collision avec le relief, AFS Aerial Photography Inc., Cessna 152, C-GRCA, Aérodrome industriel de Claresholm (CEJ4) (Alberta), 28 août 2023. |
| 264 | 1|aGatineau QC : |bBureau de la sécurité des transports du Canada = Transportation Safety Board of Canada, |c2024. |
| 264 | 4|c©2024 |
| 300 | |a1 ressource en ligne (8 pages) : |billustration en couleur |
| 336 | |atexte|btxt|2rdacontent/fre |
| 337 | |ainformatique|bc|2rdamedia/fre |
| 338 | |aressource en ligne|bcr|2rdacarrier/fre |
| 490 | 1 |aRapport d'enquête sur la sécurité du transport aérien ; |vA23W0103 |
| 500 | |aPublié aussi en anglais sous le titre : Loss of control and collision with terrain, AFS Aerial Photography Inc., Cessna 152, C-GRCA, Claresholm Industrial Aerodrome (CEJ4), Alberta, 28 August 2023. |
| 500 | |a« Publié le 24 janvier 2024. » |
| 504 | |aComprend des références bibliographiques. |
| 650 | 6|aAéronautique|xAccidents|xEnquêtes|zAlberta. |
| 775 | 08|tLoss of control and collision with terrain, AFS Aerial Photography Inc., Cessna 152, C-GRCA, Claresholm Industrial Aerodrome (CEJ4), Alberta, 28 August 2023.|w(CaOODSP)9.932463 |
| 830 | #0|aBilan d'enquête de sécurité du transport aérien ;|vA23W0103.|w(CaOODSP)9.845276 |
| 856 | 40|qPDF|s421 Ko|uhttps://publications.gc.ca/collections/collection_2024/bst-tsb/TU3-10-23-0103-fra.pdf |
| 856 | 4 |qHTML|sS.O.|uhttps://www.tsb.gc.ca/fra/enquetes-investigations/aviation/2023/A23W0103/A23W0103.html |